skbl

Dr Suryya Kumar Bhuyan Library Web-OPAC
ডঃ সূৰ্য্য
কুমাৰ ভূঞা পুথিভঁৰাল ৱেব-অ'পেক

All Research Scholars are advised to clear the annual library fees to continue using Library Resources, Remote Access, Plagiarism Test and Library Clearance.

Cotton University Book Fair 2026

Utopia / (Record no. 5908)

MARC details
000 -LEADER
fixed length control field 00738nam a2200301Ia 4500
001 - CONTROL NUMBER
control field 5921
005 - DATE AND TIME OF LATEST TRANSACTION
control field 20240113233855.0
007 - PHYSICAL DESCRIPTION FIXED FIELD--GENERAL INFORMATION
fixed length control field ta
008 - FIXED-LENGTH DATA ELEMENTS--GENERAL INFORMATION
fixed length control field 050623s 199 g b000 u eng u
020 ## - INTERNATIONAL STANDARD BOOK NUMBER
International Standard Book Number 0-312-10145-7
040 ## - CATALOGING SOURCE
Original cataloging agency Cotton College,Assam
041 ## - LANGUAGE CODE
Language code of text/sound track or separate title eng
082 ## - DEWEY DECIMAL CLASSIFICATION NUMBER
Classification number 820.9
Item number Mo 813 Ut
100 ## - MAIN ENTRY--PERSONAL NAME
Personal name More, Thomas .
245 #0 - TITLE STATEMENT
Title Utopia /
Statement of responsibility, etc. Thomas More.
Medium Textual Documents
250 ## - EDITION STATEMENT
Edition statement 1st ed. /
260 ## - PUBLICATION, DISTRIBUTION, ETC.
Place of publication, distribution, etc. Boston :
Name of publisher, distributor, etc. Bedford ,
Date of publication, distribution, etc. C 1999.
300 ## - PHYSICAL DESCRIPTION
Extent xvi, 236p. ;
Dimensions 22cm.
500 ## - GENERAL NOTE
General note 244/Rare
504 ## - BIBLIOGRAPHY, ETC. NOTE
Bibliography, etc. note Index
653 ## - INDEX TERM--UNCONTROLLED
Uncontrolled term English Literature-Criticism
653 ## - INDEX TERM--UNCONTROLLED
Uncontrolled term PG-English
653 ## - INDEX TERM--UNCONTROLLED
Uncontrolled term Rare-English
942 ## - ADDED ENTRY ELEMENTS (KOHA)
Source of classification or shelving scheme Dewey Decimal Classification
Koha item type Books
Holdings
Withdrawn status Lost status Damaged status Not for loan Collection Home library Current library Date acquired Coded location qualifier Total checkouts Full call number Barcode Date last seen Copy number Price effective from Koha item type
          Dr. Suryya Kumar Bhuyan Library Dr. Suryya Kumar Bhuyan Library 01/02/2012 00000   820.9 Mo 813 Ut 342/Eng 13/01/2024 1 01/02/2012 Books
      Not for loan   Dr. Suryya Kumar Bhuyan Library Dr. Suryya Kumar Bhuyan Library 01/02/2012 00000   820.9 Mo 813 Ut 196.6 13/01/2024 2 01/02/2012 Books

Designed and Maintained by Team SKBL
©1901-2026

Powered by Koha